Przeboje Na "Trojke" (Lp 103) (Record n. 99611)
[ formato base ]
| 000 -LEADER | |
|---|---|
| fixed length control field | 02390njm a2200433Ia 4500 |
| 001 - CONTROL NUMBER | |
| control field | 72987 |
| 003 - CONTROL NUMBER IDENTIFIER | |
| control field | IT-RoPAU |
| 005 - DATE AND TIME OF LATEST TRANSACTION | |
| control field | 20220918181119.0 |
| 008 - FIXED-LENGTH DATA ELEMENTS--GENERAL INFORMATION | |
| fixed length control field | 131025s9999 xx 000 0 und d |
| 040 ## - CATALOGING SOURCE | |
| Original cataloging agency | IT-RoPAU |
| 040 ## - CATALOGING SOURCE | |
| Transcribing agency | IT-RoPAU |
| 041 ## - LANGUAGE CODE | |
| Language code of text/sound track or separate title | POLACCO |
| 999 ## - SYSTEM CONTROL NUMBERS (KOHA) | |
| Koha Dewey Subclass [OBSOLETE] | n.d. |
| 100 ## - MAIN ENTRY--PERSONAL NAME | |
| Personal name | AA.VV. |
| 9 (RLIN) | 794 |
| 100 ## - MAIN ENTRY--PERSONAL NAME | |
| Relator term | Autore musica |
| 9 (RLIN) | 24599 |
| 100 ## - MAIN ENTRY--PERSONAL NAME | |
| Miscellaneous information | Codice autore musica SPICS: 12000 |
| 9 (RLIN) | 796 |
| 245 ## - TITLE STATEMENT | |
| Title | Przeboje Na "Trojke" (Lp 103) |
| 250 ## - EDITION STATEMENT | |
| Edition statement | 1a ed. |
| 260 ## - PUBLICATION, DISTRIBUTION, ETC. (IMPRINT) | |
| Place of publication, distribution, etc. | POLONIA |
| 260 ## - PUBLICATION, DISTRIBUTION, ETC. (IMPRINT) | |
| Name of publisher, distributor, etc. | WIFON |
| Date of publication, distribution, etc. | 1987 [1a Ed.:1985 - Ed. Lingua Orig.: 1985] |
| 300 ## - PHYSICAL DESCRIPTION | |
| Extent | DISCO |
| 300 ## - PHYSICAL DESCRIPTION | |
| Dimensions | 38 minuti (Testo: 0 pag.) |
| 500 ## - GENERAL NOTE | |
| General note | Musica leggera polacca. |
| 505 ## - FORMATTED CONTENTS NOTE | |
| Formatted contents note | Bukiet Mysli [(Voo Voo) (5:00)] - A Jemu Nic [(Woo Boo Doo) (5:00)] - Plonace Lustra [(Jerubbaal Gedeon) (5:00)] - Gdyby Nie Szerszenie [(Madame) (5:00)] - Ja Mam Fijola [(Woo Boo Doo) (4:00)] - Nie Pytaj [(Woo Woo) (4:00)] - Naiwne Pytania [(Dzem) (4:00)] - Ucieczka [(Made In Poland) (4:00)] - Wewnetrzne Swiatlo [(Jerubbaal Gedeon) (4:00)] |
| 650 ## - SUBJECT ADDED ENTRY--TOPICAL TERM | |
| Topical term or geographic name as entry element | MUSICA LEGGERA [DISCHI] |
| Relator term | Codice MATERIA SPICS: 9950 |
| 9 (RLIN) | 24600 |
| 700 ## - ADDED ENTRY--PERSONAL NAME | |
| Personal name | Waglewski W. |
| Dates associated with a name | Codice autore testo/musica SPICS: 25400 |
| Relator term | Autore testo/musica |
| Name of part/section of a work | Bukiet Mysli - Nie Pytaj |
| 9 (RLIN) | 24601 |
| 700 ## - ADDED ENTRY--PERSONAL NAME | |
| Personal name | Urny A. |
| Dates associated with a name | Codice autore musica SPICS: 25401 |
| Relator term | Autore musica |
| Name of part/section of a work | A Jemu Nic |
| 9 (RLIN) | 24602 |
| 700 ## - ADDED ENTRY--PERSONAL NAME | |
| Personal name | Gralak A. |
| Dates associated with a name | Codice autore SPICS: 25481 |
| Relator term | Autore |
| Name of part/section of a work | A Jemu Nic |
| 9 (RLIN) | 24603 |
| 700 ## - ADDED ENTRY--PERSONAL NAME | |
| Personal name | Bikont P. |
| Dates associated with a name | Codice autore testo/musica SPICS: 25502 |
| Relator term | Autore testo/musica |
| Name of part/section of a work | A Jemu Nic - Ja Mam Fijola |
| 9 (RLIN) | 24604 |
| 700 ## - ADDED ENTRY--PERSONAL NAME | |
| Personal name | Rucinski K. |
| Dates associated with a name | Codice autore musica SPICS: 25402 |
| Relator term | Autore musica |
| Name of part/section of a work | Plonace Lustra - Wewnetrzne Swiatlo |
| 9 (RLIN) | 24605 |
| 700 ## - ADDED ENTRY--PERSONAL NAME | |
| Personal name | Sadowski R. |
| Dates associated with a name | Codice autore musica SPICS: 25403 |
| Relator term | Autore musica |
| Name of part/section of a work | Gdyby Nie Szerszenie |
| 9 (RLIN) | 24606 |
| 700 ## - ADDED ENTRY--PERSONAL NAME | |
| Personal name | Gawlinski R. |
| Dates associated with a name | Codice autore testo/musica SPICS: 25147 |
| Relator term | Autore testo/musica |
| Name of part/section of a work | Gdyby Nie Szerszenie |
| 9 (RLIN) | 24607 |
| 700 ## - ADDED ENTRY--PERSONAL NAME | |
| Personal name | Iwanski J. |
| Dates associated with a name | Codice autore musica SPICS: 25404 |
| Relator term | Autore musica |
| Name of part/section of a work | Ja Mam Fijola |
| 9 (RLIN) | 24608 |
| 700 ## - ADDED ENTRY--PERSONAL NAME | |
| Personal name | Otreba B. |
| Dates associated with a name | Codice autore musica SPICS: 25405 |
| Relator term | Autore musica |
| Name of part/section of a work | Naiwne Pytania |
| 9 (RLIN) | 24609 |
| 700 ## - ADDED ENTRY--PERSONAL NAME | |
| Personal name | Riedel R. |
| Dates associated with a name | Codice autore testo/musica SPICS: 25503 |
| Relator term | Autore testo/musica |
| Name of part/section of a work | Naiwne Pytania |
| 9 (RLIN) | 24610 |
| 700 ## - ADDED ENTRY--PERSONAL NAME | |
| Personal name | Hilczer R. |
| Dates associated with a name | Codice autore musica SPICS: 25406 |
| Relator term | Autore musica |
| Name of part/section of a work | Ucieczka |
| 9 (RLIN) | 24611 |
| 700 ## - ADDED ENTRY--PERSONAL NAME | |
| Personal name | Adamiak R. |
| Dates associated with a name | Codice autore musica SPICS: 25407 |
| Relator term | Autore musica |
| Name of part/section of a work | Wewnetrzne Swiatlo |
| 9 (RLIN) | 24612 |
| 942 ## - ADDED ENTRY ELEMENTS (KOHA) | |
| Koha item type | DISCHI |
| Source of classification or shelving scheme | Dewey Decimal Classification |
| Withdrawn status | Lost status | Damaged status | Not for loan | Home library | Current library | Date acquired | Total Checkouts | Full call number | Date last seen | Price effective from | Koha item type | Public note |
|---|---|---|---|---|---|---|---|---|---|---|---|---|
| Buone Condizioni | Not For Loan | SPICS-MEDIATECA | SPICS-MEDIATECA | 25/10/2013 | 72987 | 25/10/2013 | 25/10/2013 | DISCHI | Progr. Ins.: 17438 / N.Vol.: 1 / Copie: 1 - Copia rara: n.d. / date import: 01.01.2014 - By Epidotti, Trombetti, Vaglietti |